000 00365nam a22001457a 4500
008 210527b ||||| |||| 00| 0 eng d
020 _a9781405190602
041 _aeng
080 _22nd
_a94
082 _a94
100 _a16
101 _aSHH
245 _aPerspectives on Africa a reader in culture, history, and respresantion
_cGrinker,R.R
942 _2udc
_cBK
999 _c57685
_d57685